Catalogue général des antiquités égyptiennes du Musée du Caire: N§s 46.001 à 46529. The tomb of Thoutmôsis IV

保存先:
書誌詳細
主要な著者: Carter, Howard (著者), Newberry, Percy E (著者)
団体著者: Museo del Cairo (著者)
フォーマット: 図書
言語:英語
出版事項: Edimburgo Archibald Constable and Co 1904
版:1a. ed
シリーズ:Services des Antiquites de l'Egypte
主題:
タグ: タグ追加
タグなし, このレコードへの初めてのタグを付けませんか!

MARC

LEADER 00000nam a2200000 a 4500
001 UCJ4424
003 CL-VaPUC
008 070124e19040000UK |||||||||||||||||eng|d
082 0 4 |a 932  |b CAR  |2 21 
100 0 |a Carter, Howard  |e author  |9 508081 
700 0 |a Newberry, Percy E  |e author  |9 508082 
110 2 |a Museo del Cairo  |e author  |9 508083 
245 1 0 |a Catalogue général des antiquités égyptiennes du Musée du Caire: N§s 46.001 à 46529. The tomb of Thoutmôsis IV 
250 |a 1a. ed 
300 |a 150 p 
942 |c BK 
945 |d 20070124 00:00:00  |a rinostro 
260 |a Edimburgo  |b Archibald Constable and Co  |c 1904 
500 |a 28 láminas además de ilustraciones en el texto 
600 0 7 |a TUTMOSIS IV  |2 CL-VaPUC  |9 508084 
650 0 |a Arqueología   |9 265619 
650 7 |a FARAONES  |2 CL-VaPUC  |9 389592 
650 7 |a FUENTES  |2 CL-VaPUC  |9 255666 
650 0 |a Monumentos  |9 265246 
650 0 |a Museos  |9 269209 
650 0 |a Catálogos  |9 256258 
651 0 |a Egipto   |9 268199 
583 |a last modification  |c 20130608 04:56:53  |k Rodrigo Vera 
490 0 |a Services des Antiquites de l'Egypte 
999 |c 320540  |d 320538 
952 |0 0  |1 0  |4 0  |6 932_000000000000000_CAR_1904  |7 0  |8 X  |9 399083  |a FDOBUD  |b FDOBUD  |d 2019-11-22  |i 1018140  |o 932 CAR 1904  |p 1018140  |r 2019-11-22  |w 2019-11-22  |y BK_X  |k BUD